|
|
|
|
| LEADER |
00000nam2a2200000 4500 |
| 001 |
279269 |
| 005 |
20231101235208.0 |
| 035 |
|
|
|a (RuTPU)RU\TPU\book\302547
|
| 090 |
|
|
|a 279269
|
| 100 |
|
|
|a 20141217d1986 k y0rusy5003 ca
|
| 101 |
0 |
|
|a rus
|
| 102 |
|
|
|a UA
|
| 105 |
|
|
|a a z 001zy
|
| 200 |
0 |
|
|a Вып. 30
|
| 210 |
|
|
|d 1986
|
| 215 |
|
|
|d 26 см
|a 76 с.
|c ил.
|
| 320 |
|
|
|a Библиография в конце статей
|
| 461 |
|
1 |
|0 (RuTPU)RU\TPU\book\149550
|x 0548-1406
|t Нефтепереработка и нефтехимия
|o республиканский межведомственный сборник научных трудов
|f Академия наук Украинской ССР (АН УССР)
|v Вып. 30
|d 1965-1991
|
| 606 |
1 |
|
|a Нефтепереработка
|2 stltpush
|3 (RuTPU)RU\TPU\subj\72833
|9 86220
|
| 610 |
1 |
|
|a нефтехимические продукты
|
| 610 |
1 |
|
|a нефтехимия
|
| 610 |
1 |
|
|a нефть
|
| 610 |
1 |
|
|a контактно-каталические процессы
|
| 610 |
1 |
|
|a носители
|
| 610 |
1 |
|
|a моторные масла
|
| 610 |
1 |
|
|a спиртовые топлива
|
| 610 |
1 |
|
|a ароматические углеводороды
|
| 610 |
1 |
|
|a растворимость
|
| 610 |
1 |
|
|a экстрагенты
|
| 610 |
1 |
|
|a пластичные смазки
|
| 610 |
1 |
|
|a смазочные материалы
|
| 675 |
|
|
|a 665.63
|z rus
|v 4
|
| 801 |
|
0 |
|a RU
|b RuMRKP
|c 19950704
|g psbo
|
| 801 |
|
1 |
|a RU
|b 63413507
|c 20141217
|
| 801 |
|
2 |
|a RU
|b 63413507
|c 20170417
|g RCR
|
| 942 |
|
|
|c BK
|